| 000 | 00385nam a2200157Ia 4500 | ||
|---|---|---|---|
| 008 | 230711s9999||||xx |||||||||||||| ||und|| | ||
| 020 | _a978-988-15662-87 | ||
| 041 | _aENG | ||
| 082 |
_a720 _bXI-C |
||
| 100 | _aZHU,Xiaofeng | ||
| 245 | 0 | _aCultural Architecture | |
| 260 |
_c2013 _aHong Kong _bDesign Media Publishing Limited |
||
| 300 | _a255 | ||
| 650 | _aArchitecture | ||
| 942 | _cBK | ||
| 999 |
_c5690 _d5690 |
||